000
00230 a2200097 4500
001
47736
100
_a
Sarton G
245
_a
Ancient science and modern civilization
260
_a
London
_b
Edward Arnold
_c
090
_c
30740
_d
30740
942
_a
NUST-CAE
_c
M
_c
23048
999
_c
282809
_d
282809